'F'-less Typing Challenge Quiz Stats

 Plays Quiz Updated Dec 5, 2016

Support Sporcle.
Go Orange.
Score 0/30 Timer 01:00
1 Play Today
Hint Answer % Correct
of???
99.7%
France???
91.6%
offer???
89.5%
prefer ???
89.1%
Pfeiffer???
84.1%
facilitate???
78.2%
Chieftain ???
76.7%
enfeoff ???
75.9%
falloff???
62.5%
nitrify???
58.9%
dwarf???
57.8%
falafel???
53.3%
Flagstaff???
50.2%
fluff???
45.7%
liftoff???
40.9%
Hint Answer % Correct
affair???
38.8%
inflate???
36.6%
firefly???
33.8%
forfeit???
31%
waffle???
28.6%
misfit???
26.4%
photosynthesis ???
20.8%
forehoofs???
16.9%
feather???
15.4%
acidify???
13%
bagsful???
10.5%
flameproofs???
7.7%
fancify???
6.1%
hippogriffs???
4.4%
finalize???
3.5%

You're not logged in!

Compare scores with friends on all Sporcle quizzes.
OR
Log In

From the Vault

Clickable Sporcle Quiz Show: Science

by bhenderson79

If you start to struggle, just remember to think like a proton and stay positive!
Remove Ads.
Support Sporcle.
Get the best of Sporcle when you Go Orange. This ad-free experience offers more features, more stats, and more fun while also helping to support Sporcle. Thank you for becoming a member.

Show Comments

Extras

Top Quizzes Today


Score Distribution

Your Account Isn't Verified!

In order to create a playlist on Sporcle, you need to verify the email address you used during registration. Go to your Sporcle Settings to finish the process.

Report this User

Report this user for behavior that violates our Community Guidelines.

Details: